000 00320nam a2200121Ia 4500
008 190216s9999||||xx |||||||||||||| ||und||
100 _a"Shanmugam S,Sathishkumar T,Panneer Selvam K"
245 0 _aLaboratory Handbook Of Biochemistry
260 _bPhi Learning
_c2010
300 _a101
650 _aChemistry
942 _cBK
999 _c3581
_d3581